| 000 | 00677cam a2200229 4500 | ||
|---|---|---|---|
| 008 | 000000n2001 000 0 eng u | ||
| 035 | _a(Sirsi) u110443 | ||
| 100 | _aMelvin, J. | ||
| 245 | _aAll-round performer | ||
| 260 | _c2001 | ||
| 490 |
_aRIBA Journal _v180(1) January 2001, 50-56(5) |
||
| 520 | _aDescribes a new arts centre at Maidenhead in Berkshire. Includes costs and detailed sections of wall construction. | ||
| 590 | _aABS | ||
| 650 | _aARTS CENTRES | ||
| 650 | _aARCHITECTURAL DESIGN | ||
| 650 | _aARCHITECTURAL DETAILS | ||
| 650 | _aAUDITORIA | ||
| 650 | _aCONSTRUCTION COSTS | ||
| 650 | _aTHEATRES | ||
| 690 | _aBUILT ENVIRONMENT | ||
| 942 | _n0 | ||
| 999 |
_c65846 _d65846 |
||